| 000 | 01159nam0a22002531i 4500 | ||
|---|---|---|---|
| 001 | rc\4168933 | ||
| 005 | 20240724155654.0 | ||
| 021 |
_aRU _b[54-36143] |
||
| 035 | _a(NLR Aleph) 007997639 | ||
| 090 |
_a8619484 _c8619484 |
||
| 100 | _a20130415d1954 |||y0rusy50 ca | ||
| 101 | 0 | _arus | |
| 102 | _aRU | ||
| 105 | _ay d ||||| | ||
| 200 | 1 |
_aРазвитие токарных форм в мебели и архитектурном декоре _e(Худож. формы, техника, технология) _eАвтореферат дис. на соискание учен. степени кандидата искусствовед. наук _fМоск. высш. худож.-пром. училище (б. Строгановское). Кафедра худож. обработки дерева |
|
| 210 |
_aМосква _d1954 |
||
| 215 |
_a16 с. _d22 |
||
| 300 | _aПеред загл. авт.: худож. Б.В. Нешумов | ||
| 333 | _aНа правах рукописи | ||
| 700 | 1 |
_aНешумов _bБ.В. _gБорис Васильевич |
|
| 801 | 0 |
_aRU _bNLR _gpsbo |
|
| 801 | 1 |
_aRU _bELAR _2rusmarc |
|
| 852 |
_aNLR _jИс50 Г-6/11 |
||
| 942 | _cBOOK | ||